000 01170cam a2200205 4500
001 WB3936-23
008 030923n2003 000 0 eng u
035 _a(Sirsi) u123693
245 _aSustainable land use research programme launched
260 _c2003
490 _aSocial Sciences
_v(55) September 2003, 4(1)
520 _aResearch councils, Economic and Social Research Council (ESRC), Biotechnology and Biological Sciences Research Council (BBSRC) and Natural Environment Research Council (NERC), have launched a £20m research programme, Rural Economy and Land Use (RELU), to develop future researched-based options for sustainable land use. They aim to create a programme over the next three years that will help to deliver modern, sustainable farming, protect the environment and achieve beneficial social and economic outcomes for people in rural areas. Full information is available on the RELU website http://www.esrc.ac.uk/relu/intro.htm.
590 _aWB
650 _aSUSTAINABLE LAND USE
650 _aRURAL ECONOMY
650 _aRURAL COMMUNITIES
650 _aSUSTAINABLE FARMING
690 _aRURAL-AGRICULTURE AND FORESTRY
942 _n0
999 _c73437
_d73437